The Big Nazi Quiz - Statistics

General Stats
  • This quiz has been taken 1,000 times
  • The average score is 24 of 48
Answer Stats
Hint Nazi % Correct
Nazis Leader of SS and Gestapo Heinrich Himmler
90%
Nazis Founder of Gestapo, Leader of Luftwaffe (air force) Hermann Göring
81%
Nazis Reich minister of Propaganda, ' inventor of PR' Josef Göbbels
81%
Miscellaneous Ancient indian symbol adopted by the nazis Swastika
78%
Hitler Year of death 1945
74%
Hitler Hitler's country of birth Austria
74%
Nazis "Desert Fox", Led the North African campaign Erwin Rommel
73%
Hitler City he died in Berlin
72%
Hitler 1st lady of the 3rd Reich Eva Braun
72%
Nazi organisation Secret state police Gestapo
72%
Nazi organisation "Protection Squadron", major paramilitary organization Schutzstaffel aka SS
72%
Hitler Hitler's title as the Nazi leader Führer
71%
Nazi organisation Air Force, of the above ^ Luftwaffe
71%
Nazi jargon "Lightning war", method of short, fast warfare Blitzkrieg
69%
Hitler Hitler's manifesto book Mein Kampf
67%
Nazi jargon Code name for invasion of the Soviet Union Barbarossa
65%
Nazis Infamous nazi doctor who experimented with prisoners Josef Mengele
65%
Miscellaneous Another name for Nazi Germany Third Reich
63%
Hitler Hitler's birth year 1889
55%
Nazi jargon Annexation of Austria was called Anschluß
54%
Miscellaneous Highest nazi military award Iron Cross
54%
Nazis Deputy Führer 1933-1941 Rudolf Hess
53%
Nazis Major organiser of Holocaust, planned the mass-transportations to extermination camps Adolf Eichmann
52%
Nazi jargon "Living space", doctrine for German expansion Lebensraum
52%
Nazis The architect of the 3rd Reich monuments (buildings, not actions) Albert Speer
50%
Nazis Foreign Minister of Nazi Germany, 1938-1945 Joachim von Ribbentrop
49%
Nazi organisation Armed Forces, "Defence force" Wehrmacht
48%
Miscellaneous Nazi salute "Heil Hitler" or "Sieg Heil"
47%
Miscellaneous Pesticide used to kill prisoners in the concentration camps Zyklon B
47%
Miscellaneous Site of Nazi party rallies 1928-1938 Nürnberg
46%
Nazis Co-founder of SA , Sturmabteilung ("brownshirts") Ernst Röhm
44%
Hitler Hitler's birthday April 20th
43%
Hitler Hitler's favourite composer Richard Wagner
43%
Miscellaneous First concentration camp, opened for political prisoners in 1933 Dachau
39%
Nazi organisation Navy, of the above^^ Kriegsmarine
38%
Hitler Hitler's favourite colour Brown
34%
Miscellaneous Non-aggression treaty between Germany and USSR Molotov-Ribbentrop Pact
32%
Nazi jargon Non-Aryan people Untermenschen, subhuman
29%
Nazis Commandant of Auschwitz concentration camp Rudolf Höss
26%
Nazis Directed "Olympia" & "Triumph of the Will", propaganda movies Leni Riefenstahl
22%
Nazi organisation Army, of the above ^^^ Heer
18%
Hitler Hitler's town of birth Braunau am Inn
16%
Miscellaneous Nazi airport in Berlin Tempelhof
14%
Hitler Hitler's home in the Bavarian Alps Berghof
13%
Miscellaneous Style of the above^ and style of Nazi architecture in general Neoclassicism
9%
Hitler ^Her occupation when she met Hitler Model / photography assistant
8%
Nazis First commander of Gestapo, protégé of the above ^ Rudolf Diels
5%
Miscellaneous Name of the flag with that ^ symbol on a red background Blutfahne, "Blood Flag"
4%
No matching quizzes found
Score Distribution
Percent of People with Each Score
Percentile by Number Answered
Your Score History
You have not taken this quiz